00475nam a2200181Ia 4500003000900000008004100009020001800050040001600068080001400084100001600098245005500114260004800169300001500217650001400232650001600246650001200262700001900274IN-BaIIA211028s9999 xx 000 0 eng d a0-521-48219-4 cIIA Library a523.4bDE ade Pater, I 0aPlanetary sciencescI. de Pater and J. J. Lissauer aCambridgebCambridge University Pressc2001 axvi, 528p. aCosmology aPlanetology aPlanets aLissauer, J. J